That You Are - Hozier (All Lyrics) - Statistics

General Stats
  • This quiz has been taken 3 times
  • The average score is 104 of 160
Answer Stats
Lyrics % Correct
a
100%
are,
100%
are
100%
I
100%
that
100%
That
100%
you
100%
about
50%
ajar
50%
all
50%
All
50%
and
50%
Anywhere
50%
be
50%
blades
50%
brings
50%
But
50%
cars
50%
Carve
50%
city
50%
day
50%
door
50%
each
50%
Every
50%
finds
50%
get
50%
half
50%
have
50%
hear
50%
I'd
50%
in
50%
into
50%
is
50%
Is
50%
it
50%
It's
50%
Leave
50%
like
50%
lines
50%
locked
50%
made
50%
Maybe
50%
me
50%
me,
50%
melody
50%
mistakes
50%
moment
50%
muscles
50%
no
50%
of
50%
One,
50%
out
50%
places
50%
Planes
50%
prayer
50%
See
50%
song
50%
sound
50%
step
50%
take
50%
the
50%
The
50%
there
50%
This
50%
three
50%
to
50%
trains
50%
twitching
50%
two,
50%
venture
50%
working
50%
yet
50%
curve
0%
their
0%
No matching quizzes found
Score Distribution
Percent of People with Each Score
Percentile by Number Answered
Your Score History
You have not taken this quiz